Villes présentes en Premier League sur une carte. - Statistiques

Statistiques générales
  • Ce quiz a été pris 1 324 fois
    1 111 depuis la dernière actualisation
  • Le résultat moyen est 8 sur 12
Réponses sur la Carte
Les réponses sont colorées sur une échelle allant du rouge au vert en fonction du pourcentage des utilisateurs qui les ont devinées à leur premier essai. Vous pouvez retrouver ces pourcentages ci-dessous.
 
Statistiques - réponses
Villes % Correct
Manchester
98%
Londres
97%
Liverpool
95%
Newcastle
73%
Brighton
68%
Leeds
64%
Southampton
63%
Birmingham
62%
Leicester
59%
Nottingham
43%
Bournemouth
42%
Wolverhampton
38%
Aucun quiz correspondant
Distribution des résultats
% des personnes avec chaque résultat
Percentile par nombre de réponses
Votre historique - résultats
Vous n’avez pas pris ce quiz depuis la dernière actualisation